=LDR 00000nam 2200000 4500 =001 INLIS000000000027554 =005 20130612125923 =008 ***********************************Ind** =035 ##$$0010-061300000027554 =041 ##$$a Ind =082 ##$$a 2x3.43 =090 ##$$a 2x3.43, Hal e =100 ##$$a Halim,M Nipan Abdul =245 ##$$a 41 kisah mu'jizat dan keajaiban Rasulullah, M.Nipan Abdul Halim;Penyunting,A.Chairan Marzuki =260 ##$$a 2005 $b Yogyakarta =300 ##$$a 276 hlm, 20 cm =650 ##$$a Mu'jizat Rasulullah =700 ##$$a Marzuki,A.Chairan =850 ##$$a NBPNMAT